000 00913nam a2200241 a 4500
999 _c1920
_d1920
003 AR-BaISA
005 20260410094858.0
007 ta
008 260410s2011 ag ||||f |||| 000 0 spa d
020 _a978987115573134
040 _bspa
_cAR-BaISA
082 0 4 _222
_a614.1 Al71
100 _93929
_aAltube, José Luis
_eaut.
245 1 0 _aManual de técnica pericial para médicos:
_bmodelos de escritos, diagramas /
_cJosé Luis Altube, Daniel Adalberto Battani, Verónica Andrea Galeano
250 _a2° ed. corr. y aum.
260 _aBuenos Aires:
_bDosyuna,
_c2011
300 _a292 p.
505 _tPeritos de oficio --
_tInforme pericial --
_tPeritos de parte --
_tInformática y tecnología en la tarea pericial --
_tModelos de escritos
650 1 4 _9399
_aMedicina legal
700 _93930
_aBattani, Daniel Adalberto
_eaut.
700 _93931
_aGaleano, Verónica Andrea
_eaut.
942 _2ddc
_cLI
_e22